000 00523cam a2200205ua 4500
001 9259
005 20260515114439.0
008 150224n ii |||gr||||Z||||||asm
040 _cMAIN
041 _aasm
082 _a491.45103
100 _aBorah, K. Ch.,
_eAuthor.
245 1 _aPuratonia sabda sambhar
_cBy Kanak Ch. Borah
250 _a1st.
260 _aTinsukia:
_bMarami,
_c2008.
300 _a166p.
653 _aEast Indo-European & Celtic languages
653 _aDictionary of assamese language
942 _cBK
999 _c8319
_d8319